书目信息 |
| 题名: |
现代青年学
|
|
| 作者: | 金国华 著 | |
| 分册: | ||
| 出版信息: | 北京 中国青年出版社 1989.12 |
|
| 页数: | 396页 | |
| 开本: | 19cm | |
| 丛书名: | ||
| 单 册: | ||
| 中图分类: | C913.5 | |
| 科图分类: | ||
| 主题词: | 青少年--社会问题 | |
| 电子资源: | ||
| ISBN: | 7-5006-0589-7 | |
| 000 | 00535nam0 2200193 45 | |
| 001 | 0506100874 | |
| 005 | 20050610102518.6 | |
| 010 | @a7-5006-0589-7@dCNY5.10 | |
| 100 | @a20050610d1989 km y0chiy0120 ea | |
| 101 | 0 | @achi |
| 105 | @a z 000yy | |
| 200 | 1 | @a现代青年学@AXian Dai Qing Nian Xue@f金国华著@FJin Guo Hua Zhu |
| 210 | @a北京@c中国青年出版社@d1989.12 | |
| 215 | @a396页@d19cm | |
| 606 | 0 | @a青少年@x社会问题 |
| 690 | @aC913.5@v3 | |
| 701 | 0 | @a金国华@4著 |
| 801 | @aCN@bPftUser@c20050610 | |
| 905 | @f1@b227109@dC913.5@e119 | |
| 现代青年学/金国华著.-北京:中国青年出版社,1989.12 |
| 396页;19cm |
| ISBN 7-5006-0589-7:CNY5.10 |
| ● |
| 相关链接 |
|
|
|
|
正题名:现代青年学
索取号:C913.5/119
 
预约/预借
| 序号 | 登录号 | 条形码 | 馆藏地/架位号 | 状态 | 备注 |
| 1 | 0227109 | 002043470 | 第一样本阅览室/ [索取号:C913.5/119] | 在馆 |